| 000 | 00674nam a2200205Ia 4500 | ||
|---|---|---|---|
| 003 | GCL | ||
| 005 | 20240530102443.0 | ||
| 008 | 140319s9999 xx 000 0 ara d | ||
| 040 |
_aGCL / _cGCL |
||
| 082 | 0 | 4 |
_a414 _bع م |
| 100 | 0 | _4عبده عبدالعزيز قلقيه | |
| 245 | 1 | 0 |
_aمعجم البلاغة العربية نقد ونقض / _cعبده عبدالعزيز قلقيه |
| 260 |
_a[ القاهرة ] : _bدار الفكر العربى ، _c1991 |
||
| 300 | _a256 ص | ||
| 650 | 0 | 4 | _aاللغة العربية |
| 650 | 0 | 4 | _aالبلاغة العربية |
| 650 | 0 | 4 | _aالعروض والقوافى |
| 650 | 0 | 4 | _aتاريخ ونقد |
| 942 |
_2ddc _cBK |
||
| 999 |
_c32329 _d32329 |
||